| 000 | 00403 a2200169 4500 | ||
|---|---|---|---|
| 003 | OSt | ||
| 005 | 20180116182705.0 | ||
| 008 | 160428b xxu||||| |||| 00| 0 eng d | ||
| 020 | _a9780132324120 | ||
| 040 | _c0 | ||
| 082 | _a658.81 | ||
| 100 | _aTANNER | ||
| 245 | _aSALES MANAGEMENT: SHAPING FUTURE SALES LEADERS. | ||
| 260 |
_aNEW JERSEY _c2009 |
||
| 300 | _a434 | ||
| 942 |
_aNBS _cBK _k658.81 _2ddc |
||
| 999 |
_c344140 _d344140 |
||